|
|
|
|
| LEADER |
00000nam0a2200000 4500 |
| 001 |
235851 |
| 005 |
20231101231429.0 |
| 010 |
|
|
|a 9785811415267
|
| 035 |
|
|
|a (RuTPU)RU\TPU\book\256993
|
| 090 |
|
|
|a 235851
|
| 100 |
|
|
|a 20130417d2013 m y0rusy50 ca
|
| 101 |
0 |
|
|a rus
|
| 102 |
|
|
|a RU
|
| 105 |
|
|
|a y j 001zy
|
| 200 |
1 |
|
|a Случайные процессы
|e учебник
|f А. Н. Бородин
|
| 210 |
|
|
|a Санкт-Петербург
|c Лань
|d 2013
|
| 215 |
|
|
|a 640 с.
|c ил.
|
| 225 |
1 |
|
|a Учебник для вузов. Специальная литература
|
| 320 |
|
|
|a Библиогр.: с. 633-636.
|
| 320 |
|
|
|a Предметный указатель: с. 637-639.
|
| 330 |
|
|
|a Книга содержит систематическое изложение теории случайных процессов. Значительное внимание уделено теории мартингалов и стохастическому исчислению как наиболее действенному аппарату для изучения случайных процессов. Детально изучаются броуновское движение и диффузии как наиболее важные для приложений случайные процессы. Особенно подробно излагается теория распределения функционалов от диффузий. Рассматриваются и редко встречающиеся в монографической литературе темы — броуновское локальное время, диффузии со скачками и принцип инвариантности для локальных времен. Учебник предназначен для студентов, математиков, специалистов в области финансовой математики, физиков, а также всех, кто проводит прикладные исследования и использует в той или иной мере понятия броуновского движения и диффузии. Может быть использовано в учебном процессе при изучении теории случайных процессов.
|
| 606 |
1 |
|
|a Случайные процессы, теория
|2 stltpush
|3 (RuTPU)RU\TPU\subj\55239
|9 73298
|
| 610 |
1 |
|
|a стохастическое исчисление
|
| 610 |
1 |
|
|a функционалы
|
| 610 |
1 |
|
|a распределение
|
| 610 |
1 |
|
|a диффузионные процессы
|
| 610 |
1 |
|
|a броуновское локальное время
|
| 610 |
1 |
|
|a диффузия
|
| 610 |
1 |
|
|a инвариантность
|
| 610 |
1 |
|
|a учебники
|
| 675 |
|
|
|a 519.216(075.8)
|v 3
|
| 700 |
|
1 |
|a Бородин
|b А. Н.
|g Андрей Николаевич
|
| 801 |
|
1 |
|a RU
|b 63413507
|c 20130417
|
| 801 |
|
2 |
|a RU
|b 63413507
|c 20171013
|g RCR
|
| 942 |
|
|
|c BK
|
| 959 |
|
|
|a 79/20130417
|d 7
|e 1889,92
|f ЧЗТЛ:1
|f АНЛ:1
|